Der Weg zu den Besten die Sieben Management-Prinzipien für dauerhaften Unternehmenserfolg

Guardado en:
Detalles Bibliográficos
Autor principal: Collins, Jim
Otros Autores: Baltes, Martin, Böhler, Fritz
Formato: Libro
Lenguaje:alemán
Publicado: München Deutscher Taschenbuch Verlag 2007
Edición:7. Aufl.
Materias:
Etiquetas: Agregar Etiqueta
Sin Etiquetas, Sea el primero en etiquetar este registro!

MARC

LEADER 00000nam$a2200000$$$4500
001 0066891
005 20240314090355.9
020 |a 978-3-423-34039-7 
041 0 |a ger 
044 |a DE 
245 1 0 |a Der Weg zu den Besten  |b die Sieben Management-Prinzipien für dauerhaften Unternehmenserfolg  |c Jim Collins ; aus dem Amerikanischen von Martin Baltes und Fritz Böhler 
250 |a 7. Aufl. 
264 1 |a München  |b Deutscher Taschenbuch Verlag  |c 2007 
300 |a 359 s. 
610 2 0 |a podnikanie 
610 2 0 |a podnik 
610 2 0 |a manažment 
610 2 0 |a riadenie podnikové 
610 2 0 |a úspech pracovný 
610 2 0 |a výkony podnikové 
610 2 0 |a rozvoj podniku 
610 2 0 |a stratégia podniková 
100 1 |a Collins, Jim 
700 1 |a Baltes, Martin 
700 1 |a Böhler, Fritz